00776nam a2200229 a 450000500170000000800410001702000180005804100080007610000210008424500530010525000980015826000340025630000230029050000960031365300200040965300290042965300120045865300120047065300220048265300210050465300210052520240802103154.0100322e2019||||sp a f |||| 001 0 spa d a9788491134688 aspa1 aNetter, Frank H. aAtlas de Anatomía Humana / cFrank H. Netter. a7a ed. versión en español de la obra original en inglésbTraducción Elsevier España aBarcelona: bElsevier;c2019. a535 p.bil. tablas aNetter, F. H. (2019). Atlas de anatomía humana. (7a ed.). Barcelona : Elsevier ; Masson.  aCabeza y cuello aDorso y médula espinal aTórax aAbdomen aPelvis y periné aMiembro superior aMiembro inferior